| 000 | 00435cam a2200169ua 4500 | ||
|---|---|---|---|
| 020 | _c6.00 | ||
| 041 |
_amal _h |
||
| 082 |
_a671.3 _bPET/SA |
||
| 100 | _aPetrak, F . | ||
| 245 |
_aSangethika padangal:Roopappeduthal / _cF Petrak. _hTextual Documents |
||
| 260 |
_aThiruvananthapuram : _bState Instititute of Languages , _c1972. |
||
| 300 | _a208 ; . | ||
| 365 | _a6.00 | ||
| 504 | _a | ||
| 942 | _cBK | ||
| 999 |
_c10429 _d10429 |
||